Lehké stavební látky II.

Saved in:
Bibliographic Details
Main Author: Matoušek, Milan (Author)
Format: Book
Language:Czech
Published: Brno : Vysoké učení technické v Brně, 1985
Tags: Add Tag
No Tags, Be the first to tag this record!

MARC

LEADER 00000nam a22000003a 4500
001 stu88691
005 20150617225628.2
008 040713s1985----cs------------------cze-d
040 |a STU  |b slo 
041 0 |a cze 
044 |a cs 
080 |a 691(075.8) 
100 1 |a Matoušek, Milan  |4 aut 
245 1 |a Lehké stavební látky II. 
260 |a Brno :  |b Vysoké učení technické v Brně,  |c 1985 
300 |a 130 s;obr 
996 |b 284V029471  |c V*25653/S-87  |l VVT  |s A  |a 24  |w stu88691_0001